000 00426nam a2200169Ia 4500
003 LK-CoDNM
005 20240301105436.0
008 010623t1092 xxu||||| |||| 00| 1 sin d
040 _aLK-CoDNM
_dLK-CoDNM
_eLK-CoDNM
041 _asin
080 _a104 X10
245 _aදැසිදස් පුවත
246 _aDesidas Puvatha
260 _bVidayalooka
_aGalle
_c1092
300 _bDamaged
_a16p.,14 cm
942 _cBK
999 _c80680
_d80680